[Event "GER-chT Lands U20"]
[Site "Hannover"]
[Date "2015.10.07"]
[Round "7.6"]
[White "Heil, Valerie"]
[Black "Denkert, Anna"]
[Result "0-1"]
[WhiteElo "1131"]
[BlackElo "1690"]
[PlyCount "84"]
[EventDate "2015.10.03"]
[EventType "team-swiss"]
[EventRounds "7"]
[EventCountry "GER"]
[SourceTitle "EXT 2017"]
[Source "ChessBase"]
[SourceDate "2016.10.25"]
[SourceVersion "1"]
[SourceVersionDate "2016.10.25"]
[SourceQuality "1"]
[WhiteTeam "Saarland (U20)"]
[BlackTeam "Berlin (U20)"]
[WhiteTeamCountry "GER"]
[BlackTeamCountry "GER"]

1. e4 c6 2. d4 d5 3. exd5 cxd5 4. Bd3 Nf6 5. c3 Nc6 6. Bf4 Bg4 7. Qb3 Qd7 8. Nd2 e6 9. Ngf3 Be7 10. Ne5 Qc8 11. 0-0 0-0 12. Qc2 Bh5 13. Rae1 Bg6 14. Bg5 Bxd3 15. Qxd3 h6 16. Bh4 Qc7 17. f4 Nd7 18. Bxe7 Nxe7 19. Ndf3 Nxe5 20. Nxe5 Qa5 21. a3 Qa4 22. Qd1 Qxd1 23. Rxd1 b5 24. b4 a5 25. g4 axb4 26. axb4 Ra3 27. Rd3 Rc8 28. Rc1 Nc6 29. Nd7 Nxb4 30. Rf3 Na6 31. Rb1 b4 32. Kf2 Rcxc3 33. Rxc3 Rxc3 34. Ke2 b3 35. Kd2 Rc2+ 36. Kd1 Rc3 37. Kd2 Rh3 38. Kc1 Nb4 39. Nc5 Nd3+ 40. Nxd3 Rxd3 41. Kb2 Rxd4 42. Kxb3 Rxf4 0-1

[Event "GER-chT Lands U20"]
[Site "Hannover"]
[Date "2015.10.05"]
[Round "4.6"]
[White "Nguyen, Ha Thanh"]
[Black "Heil, Valerie"]
[Result "1-0"]
[WhiteElo "1696"]
[BlackElo "1131"]
[PlyCount "83"]
[EventDate "2015.10.03"]
[EventType "team-swiss"]
[EventRounds "7"]
[EventCountry "GER"]
[SourceTitle "CBM 168 Extra"]
[Source "ChessBase"]
[SourceDate "2015.10.29"]
[SourceVersion "1"]
[SourceVersionDate "2015.10.29"]
[SourceQuality "1"]
[WhiteTeam "Thueringen (U20)"]
[BlackTeam "Saarland (U20)"]
[WhiteTeamCountry "GER"]
[BlackTeamCountry "GER"]

1. e4 e5 2. Nf3 Nc6 3. Bc4 Bc5 4. c3 Nf6 5. d3 0-0 6. 0-0 d6 7. h3 h6 8. Re1 Be6 9. Bb3 Qd7 10. Nbd2 Rae8 11. Nf1 d5 12. exd5 Bxd5 13. Ba4 e4 14. dxe4 Bxe4 15. Be3 Qxd1 16. Rexd1 Bxe3 17. Nxe3 Bxf3 18. gxf3 Rd8 19. Bxc6 bxc6 20. Nf5 Rxd1+ 21. Rxd1 Re8 22. Kf1 Nh5 23. Rd7 Nf4 24. Ne7+ Kf8 25. Nxc6 Ne6 26. a3 a6 27. Nd4 Nxd4 28. Rxd4 Rb8 29. b4 Ke7 30. Ke2 f6 31. Rg4 g5 32. Rd4 Rd8 33. Rxd8 Kxd8 34. Ke3 Kd7 35. f4 f5 36. fxg5 hxg5 37. Kd4 Kd6 38. c4 Kc6 39. Ke5 g4 40. h4 Kd7 41. Kxf5 Ke7 42. Kxg4 1-0

[Event "GER-ch U14 Girls"]
[Site "Willingen"]
[Date "2015.05.30"]
[Round "9"]
[White "Heil, Valerie"]
[Black "Riegel, Arinna"]
[Result "0-1"]
[WhiteElo "1087"]
[BlackElo "1640"]
[PlyCount "94"]
[EventDate "2015.05.24"]
[EventType "swiss"]
[EventRounds "9"]
[EventCountry "GER"]
[SourceTitle "CBM 166 Extra"]
[Source "ChessBase"]
[SourceDate "2015.06.18"]
[SourceVersion "1"]
[SourceVersionDate "2015.06.18"]
[SourceQuality "1"]

1. e4 c5 2. Nf3 e6 3. Be2 a6 4. d3 Nc6 5. Be3 Nf6 6. Qd2 Be7 7. d4 Nxe4 8. Qd3 d5 9. a3 Qa5+ 10. c3 cxd4 11. b4 Qc7 12. Nxd4 Bf6 13. 0-0 0-0 14. Rc1 Nxd4 15. Bxd4 Bd7 16. Bxf6 Nxf6 17. Nd2 Rfd8 18. c4 dxc4 19. Rxc4 Qe5 20. Rcc1 Bb5 21. Nc4 Qf4 22. Qf3 Qe4 23. Qxe4 Nxe4 24. Ra2 Rac8 25. Raa1 Rc7 26. f3 Nf6 27. Bf1 Rdc8 28. h3 Bxc4 29. Bxc4 Rxc4 30. Rxc4 Rxc4 31. Rd1 Kf8 32. Kh2 Ke7 33. Rd3 Nd5 34. Rb3 Rc3 35. Rxc3 Nxc3 36. Kg1 Nb1 37. a4 Nc3 38. a5 Na2 39. Kf2 Nxb4 40. Ke3 Nc6 41. Kd3 Nxa5 42. Kc3 e5 43. Kb4 Nc6+ 44. Kc5 Ke6 45. Kb6 f5 46. Kxb7 a5 47. Kxc6 a4 0-1

[Event "GER-ch U14 Girls"]
[Site "Willingen"]
[Date "2015.05.29"]
[Round "8"]
[White "Grey, Andrea"]
[Black "Heil, Valerie"]
[Result "1-0"]
[WhiteElo "1424"]
[BlackElo "1087"]
[PlyCount "31"]
[EventDate "2015.05.24"]
[EventType "swiss"]
[EventRounds "9"]
[EventCountry "GER"]
[SourceTitle "CBM 166 Extra"]
[Source "ChessBase"]
[SourceDate "2015.06.18"]
[SourceVersion "1"]
[SourceVersionDate "2015.06.18"]
[SourceQuality "1"]

1. Nf3 d5 2. d4 Nf6 3. b3 e6 4. a3 a5 5. e3 c5 6. Bb2 Bd6 7. c4 0-0 8. Be2 Nc6 9. 0-0 b6 10. Nc3 Bc7 11. Nb5 Re8 12. Qc2 Ba6 13. cxd5 exd5 14. dxc5 bxc5 15. Qxc5 Ne4 16. Qxc6 1-0

[Event "GER-ch U14 Girls"]
[Site "Willingen"]
[Date "2015.05.26"]
[Round "5"]
[White "Kuemmel, Tina"]
[Black "Heil, Valerie"]
[Result "1-0"]
[WhiteElo "1381"]
[BlackElo "1087"]
[PlyCount "59"]
[EventDate "2015.05.24"]
[EventType "swiss"]
[EventRounds "9"]
[EventCountry "GER"]
[SourceTitle "CBM 166 Extra"]
[Source "ChessBase"]
[SourceDate "2015.06.18"]
[SourceVersion "1"]
[SourceVersionDate "2015.06.18"]
[SourceQuality "1"]

1. Nf3 d5 2. g3 Nf6 3. Bg2 c6 4. 0-0 Nbd7 5. d3 e6 6. Nbd2 Bd6 7. e4 0-0 8. Re1 e5 9. c3 Re8 10. Qc2 Qb6 11. Nf1 d4 12. Bg5 h6 13. Bxf6 Nxf6 14. cxd4 Bg4 15. dxe5 Bxe5 16. Nxe5 Rxe5 17. Ne3 Be6 18. Nc4 Bxc4 19. dxc4 Rd8 20. b3 Qc5 21. Rac1 b5 22. cxb5 Qxc2 23. Rxc2 Rxb5 24. Rxc6 Rd2 25. Ra6 Ng4 26. Rf1 Rb7 27. h3 Ne5 28. f4 Nd3 29. e5 Nb4 30. Bxb7 1-0

[Event "Saarland-ch B 89th"]
[Site "Stennweiler"]
[Date "2014.04.17"]
[Round "7"]
[White "Heil, Valerie"]
[Black "Schattle, Heinz"]
[Result "0-1"]
[WhiteElo "967"]
[BlackElo "1371"]
[PlyCount "132"]
[EventDate "2014.04.11"]
[EventType "swiss"]
[EventRounds "9"]
[EventCountry "GER"]
[SourceTitle "EXT 2016"]
[Source "ChessBase"]
[SourceDate "2015.10.08"]
[SourceVersion "1"]
[SourceVersionDate "2015.10.08"]
[SourceQuality "1"]

1. e4 e5 2. d4 Nc6 3. Nf3 d6 4. Bb5 Bd7 5. Be3 a6 6. Bxc6 Bxc6 7. Nc3 Nf6 8. Qd3 exd4 9. Bxd4 Be7 10. 0-0-0 0-0 11. h4 Ng4 12. h5 h6 13. e5 Bxf3 14. Qxf3 f5 15. exf6 Nxf6 16. g4 c6 17. g5 Nh7 18. Qg2 Bxg5+ 19. Kb1 Bf6 20. Bxf6 Rxf6 21. Ne4 d5 22. Nxf6+ Nxf6 23. Rhg1 Nxh5 24. Qg6 Qe8 25. Rde1 Qxg6 26. Rxg6 Kh7 27. Rd6 Rf8 28. Re7 Rxf2 29. a3 Rf6 30. Rxf6 Nxf6 31. Rxb7 h5 32. Rb6 h4 33. Rxc6 Ne4 34. Re6 h3 35. Re5 Nf6 36. Re3 g5 37. Rxh3+ Kg6 38. Kc1 g4 39. Rg3 Kf5 40. Kd2 Ne4+ 41. Ke3 Nxg3 42. Kf2 Ne4+ 43. Kg2 d4 44. b4 Kf4 45. a4 Nc3 46. b5 axb5 47. a5 Na4 48. a6 Nb6 49. Kf2 b4 50. Ke2 g3 51. Kf1 Kf3 52. a7 d3 53. cxd3 b3 54. Ke1 g2 55. Kd2 g1Q 56. Kc3 Qc5+ 57. Kxb3 Qa5 58. a8Q+ Nxa8 59. d4 Qd5+ 60. Kc3 Ke3 61. Kc2 Qc4+ 62. Kb1 Qb3+ 63. Kc1 Qc3+ 64. Kb1 Kd2 65. Ka2 Kc2 66. d5 Qb2# 0-1

[Event "Saarland-ch B 89th"]
[Site "Stennweiler"]
[Date "2014.04.12"]
[Round "2"]
[White "Schumacher, Aaron"]
[Black "Heil, Valerie"]
[Result "1-0"]
[WhiteElo "1089"]
[BlackElo "967"]
[PlyCount "61"]
[EventDate "2014.04.11"]
[EventType "swiss"]
[EventRounds "9"]
[EventCountry "GER"]
[SourceTitle "EXT 2016"]
[Source "ChessBase"]
[SourceDate "2015.10.08"]
[SourceVersion "1"]
[SourceVersionDate "2015.10.08"]
[SourceQuality "1"]

1. d4 e6 2. c4 d5 3. Nc3 Nf6 4. Bg5 Bb4 5. cxd5 exd5 6. e3 0-0 7. Bd3 Nc6 8. Nf3 Bg4 9. h3 Bxf3 10. Qxf3 Re8 11. 0-0 h6 12. Bxf6 Qxf6 13. Qxf6 gxf6 14. Nxd5 Re6 15. Nxc7 Rd8 16. Nxe6 fxe6 17. Rfd1 e5 18. dxe5 Nxe5 19. Bh7+ Kxh7 20. Rxd8 Ba5 21. Rb8 h5 22. Rxb7+ Kh6 23. Rxa7 Bd8 24. Rd1 Nc6 25. Ra6 Nb4 26. Ra4 Nc6 27. Rd6 Be7 28. Rxc6 h4 29. Rg4 Kh5 30. Rc8 Kh6 31. Rh8# 1-0